000 00512nam a22001817a 4500
003 NUST - PNEC
005 20170116180918.0
008 150904b xxu||||| |||| 00| 0 eng d
020 _a0029465184
020 _a0675211360
040 _cLIBRARY
082 _a621.31042 HUB
100 _97560
_aHubert, Charles I.
245 _aElectric machines : theory, operation, applications, adjustment, and control
_cCharles I. Hubert
260 _cc.1991
650 _97562
_aElectric machinery
_xEE
942 _2ddc
_cBK
999 _c65519
_d65519